ბათუმის შოთა რუსთაველის სახელმწიფო უნივერსიტეტის ბიბლიოთეკა

გუშინდელნი. კომედია 3 მოქმედებად (ბიბ.ჩანაწერი № 47742)

000 -LEADER
fixed length control field 00559nam a2200193Ia 4500
001 - CONTROL NUMBER
control field 14613
003 - CONTROL NUMBER IDENTIFIER
control field GE_BSU
008 - FIXED-LENGTH DATA ELEMENTS--GENERAL INFORMATION
fixed length control field 181216s||||||||xx |||||||||||||| ||und||
040 ## - CATALOGING SOURCE
Transcribing agency GE_BSU
080 ## - UNIVERSAL DECIMAL CLASSIFICATION NUMBER
Universal Decimal Classification number 821.353.1-22
100 ## - MAIN ENTRY--PERSONAL NAME
Personal name დადიანი,შალვა
245 ## - TITLE STATEMENT
Title გუშინდელნი. კომედია 3 მოქმედებად
260 ## - PUBLICATION, DISTRIBUTION, ETC.
Place of publication, distribution, etc. თბილისი
260 ## - PUBLICATION, DISTRIBUTION, ETC.
Name of publisher, distributor, etc. ხელოვნება
260 ## - PUBLICATION, DISTRIBUTION, ETC.
Date of publication, distribution, etc. 1948
300 ## - PHYSICAL DESCRIPTION
Extent 55გვ.20სმ.
653 ## - INDEX TERM--UNCONTROLLED
Uncontrolled term გუშინდელნი.
942 ## - ADDED ENTRY ELEMENTS (KOHA)
Koha item type წიგნი
ეგზემპლარები
Withdrawn status Lost status Damaged status Not for loan Date acquired Barcode Date last seen Price effective from Koha item type
        2018-12-17 37732 2018-12-17 2018-12-17 წიგნი